Which Country Has More Tourists Quiz - Statistics

General Stats
  • This quiz has been taken 191 times
  • The average score is 3 of 10
Answer Stats
Question Answer % Correct
Which Has More Tourists? France
62%
Which Has More Tourists? Japan
52%
Which Has More Tourists? United Arab Emirates
52%
Which Has More Tourists? Canada
43%
Which Has More Tourists? Germany
33%
Which Has More Tourists? Malaysia
33%
Which Has More Tourists? Denmark
24%
Which Has More Tourists? Hong Kong
19%
Which Has More Tourists? Spain
19%
Which Has More Tourists? Morroco
10%
No matching quizzes found
Score Distribution
Percent of People with Each Score
Percentile by Number Answered
Your Score History
You have not taken this quiz